000 00527nam a2200181 4500
001 126801
003 ES-MaACL
005 20251011063131.0
007 t|
008 070214s1963 xxk r ||||1| eng d
100 1 _aRiba, Carles,
_d1893-1959
_996698
245 1 0 _aPoems /
_cCarles Riba ; with English translation by J. L. Gili.
260 _aOxford :
_bThe Dolphin Book,
_c1963.
300 _a70 p. ;
_c22 cm.
700 1 _aGili, J. L.
_956933
852 _aES-MaACL
_jF-14688
_bR.53503
999 _c126801
_d126801